[Event "Hessen Senioren-ch 2012  8th"]
[Site "Bad Sooden-Adf. (14.4.-22.4)"]
[Date "2012.04.17"]
[Round "4.76"]
[White "Hopp, Barbara Dr"]
[Black "Micheel, Peter"]
[Result "0-1"]
[WhiteElo "1413"]
[BlackElo "1697"]
[PlyCount "76"]
[EventDate "2012.04.??"]
[EventType "swiss"]
[EventRounds "9"]
[EventCountry "GER"]
[WhiteTeam "Oberursel SV"]
[BlackTeam "Graal-Müritz SSC"]

1. d4 d5 2. e4 dxe4 3. Bc4 Nf6 4. f3 exf3 5. Nxf3 g6 6. O-O Bg7 7. Ne5 O-O 8.
c3 e6 9. Qf3 Nd5 10. Ng4 f5 11. Nh6+ Kh8 12. Bxd5 exd5 13. Qf4 Qd6 14. Qxd6
cxd6 15. Bg5 Nc6 16. Nd2 Bd7 17. Rae1 Bf6 18. h4 Bxg5 19. hxg5 Kg7 20. Nf3 Rae8
21. Rxe8 Rxe8 22. Re1 Nd8 23. Rxe8 Bxe8 24. g3 Bd7 25. Kf2 Be6 26. Ke3 Bg8 27.
g4 Be6 28. Nxf5+ gxf5 29. gxf5 Bxf5 30. Kf4 Be4 31. Nh4 Ne6+ 32. Kg4 Nf8 33. a3
Ng6 34. Nxg6 Kxg6 35. Kf4 Bf5 36. b3 b5 37. a4 bxa4 38. bxa4 a5 0-1

[Event "Hessen Senioren-ch 2012  8th"]
[Site "Bad Sooden-Adf. (14.4.-22.4)"]
[Date "2012.04.17"]
[Round "4.77"]
[White "Scholze, Roland"]
[Black "Ludwig, Richard(44)"]
[Result "1/2-1/2"]
[WhiteElo "1630"]
[BlackElo "1497"]
[PlyCount "60"]
[EventDate "2012.04.??"]
[EventType "swiss"]
[EventRounds "9"]
[EventCountry "GER"]
[WhiteTeam "Dresden Lok SV"]
[BlackTeam "Irxleben SV"]

1. e4 Nf6 2. Nc3 d5 3. exd5 Nxd5 4. Nf3 Nc6 5. d4 e6 6. Ne4 Be7 7. c3 Nf6 8.
Ng3 h6 9. Bd3 Bd6 10. Qe2 O-O 11. Bd2 Re8 12. Bb5 Bd7 13. Bxc6 Bxc6 14. O-O-O
b5 15. Kb1 Bd5 16. Be3 Rb8 17. Ne5 a5 18. f4 a4 19. c4 bxc4 20. Nxc4 a3 21. b3
Bb4 22. Qc2 Ng4 23. Bg1 Nf6 24. h3 Qc8 25. Be3 Qb7 26. Rhg1 Ne4 27. Ne2 Nf6 28.
Ka1 Be4 29. Qc1 Nd5 30. Bd2 Ra8 1/2-1/2

[Event "Hessen Senioren-ch 2012  8th"]
[Site "Bad Sooden-Adf. (14.4.-22.4)"]
[Date "2012.04.17"]
[Round "4.79"]
[White "Willms, Willi"]
[Black "Mittelstaedt, Ewald"]
[Result "1-0"]
[WhiteElo "1695"]
[BlackElo "1405"]
[PlyCount "75"]
[EventDate "2012.04.??"]
[EventType "swiss"]
[EventRounds "9"]
[EventCountry "GER"]
[WhiteTeam "Rheydter SV"]
[BlackTeam "München Tarrasch SC"]

1. e4 c6 2. d4 d5 3. Nc3 e6 4. Nf3 Bb4 5. Bd3 Ne7 6. Bd2 Bxc3 7. Bxc3 dxe4 8.
Bxe4 Nd5 9. Bd2 O-O 10. O-O Nf6 11. Bd3 Nbd7 12. c3 Qc7 13. Qc2 h6 14. Rae1 c5
15. Qc1 c4 16. Bb1 b5 17. Ne5 Bb7 18. f3 Bd5 19. a3 Rfe8 20. Rf2 Nf8 21. h3 Nh5
22. Ng4 f5 23. Ne5 Qe7 24. g4 Ng3 25. Kg2 Qh4 26. Bf4 fxg4 27. hxg4 Nh5 28.
gxh5 Qf6 29. Rg1 Re7 30. Kf1 Kh8 31. Ke2 Rd8 32. Rfg2 Nd7 33. Ng6+ Kg8 34.
Nxe7+ Qxe7 35. Bxh6 Bxf3+ 36. Kxf3 Rf8+ 37. Ke2 Rf7 38. Rxg7+ 1-0

[Event "Hessen Senioren-ch 2012  8th"]
[Site "Bad Sooden-Adf. (14.4.-22.4)"]
[Date "2012.04.17"]
[Round "4.80"]
[White "Brandt, Fred(36)"]
[Black "Geist, Wolfgang"]
[Result "1/2-1/2"]
[WhiteElo "1687"]
[BlackElo "1348"]
[PlyCount "122"]
[EventDate "2012.04.??"]
[EventType "swiss"]
[EventRounds "9"]
[EventCountry "GER"]
[WhiteTeam "Berlin Königsjäger SW SV"]
[BlackTeam "Artern 90 SSV"]

1. d4 d5 2. Nf3 Nf6 3. Bf4 e6 4. e3 c6 5. Bd3 Nbd7 6. Nbd2 Be7 7. O-O O-O 8. c4
Nh5 9. cxd5 Nxf4 10. exf4 exd5 11. Qc2 Nf6 12. Ne5 g6 13. h3 Bd6 14. Ndf3 Nh5
15. f5 Bxf5 16. Bxf5 gxf5 17. Qxf5 Ng7 18. Qd3 f6 19. Ng4 Qe8 20. Nh6+ Kh8 21.
Nf5 Nxf5 22. Qxf5 Qg6 23. Nh4 Qxf5 24. Nxf5 Bc7 25. a3 Rfe8 26. Rfe1 Kg8 27.
Kf1 Kf7 28. g4 Kg6 29. Kg2 Kf7 30. Kf3 Rxe1 31. Rxe1 Re8 32. Rxe8 Kxe8 33. Ke3
a5 34. Kd3 b5 35. b3 Bb8 36. Ke3 Kf7 37. h4 Ke6 38. h5 Kf7 39. f4 Ke6 40. Ng3
Kf7 41. Ne2 Bd6 42. a4 b4 43. f5 h6 44. Ng1 Bc7 45. Nh3 Bd6 46. Nf2 Bg3 47. Nd3
Bd6 48. Kf3 Be7 49. Nf4 Bd8 50. Ne6 Ke7 51. Nc5 Bb6 52. Ne6 Bd8 53. Kf4 Ke8 54.
Kg3 Ke7 55. Kf4 Ke8 56. Ke3 Ke7 57. Nf4 Kf7 58. Ng6 Bb6 59. Nf4 Bd8 60. Ne6 Ke7
61. Kf4 Ke8 1/2-1/2

[Event "Hessen Senioren-ch 2012  8th"]
[Site "Bad Sooden-Adf. (14.4.-22.4)"]
[Date "2012.04.17"]
[Round "4.82"]
[White "Husser, Oskar"]
[Black "Borkenhagen, Bernd"]
[Result "1-0"]
[WhiteElo "1649"]
[BlackElo "1358"]
[PlyCount "95"]
[EventDate "2012.04.??"]
[EventType "swiss"]
[EventRounds "9"]
[EventCountry "GER"]
[WhiteTeam "Falkensee Caissa SC"]
[BlackTeam "Hamelner SV"]

1. Nf3 e6 2. c4 c6 3. g3 d5 4. b3 Be7 5. Bb2 Bf6 6. d4 Nd7 7. Nbd2 Be7 8. Bg2
Ngf6 9. O-O O-O 10. Re1 Bb4 11. a3 Bxd2 12. Nxd2 b6 13. e4 dxe4 14. Nxe4 Nxe4
15. Bxe4 Bb7 16. Qf3 Rc8 17. Qd3 Nf6 18. Bf3 Rc7 19. Rad1 Rd7 20. Qe3 Re8 21.
b4 Qe7 22. Qc3 Red8 23. g4 h6 24. h4 Ne8 25. Kg2 Qxh4 26. Re5 c5 27. d5 cxb4
28. axb4 Qf6 29. Qe3 Nc7 30. Qa3 Qe7 31. Kg3 Ne8 32. Rde1 Qd6 33. c5 bxc5 34.
bxc5 Qa6 35. c6 Qxa3 36. Bxa3 Bxc6 37. dxc6 Rd3 38. R1e3 Nc7 39. Rxd3 Rxd3 40.
Re3 Rd2 41. Bb4 Rc2 42. Rc3 Rb2 43. Bd6 Nb5 44. Rd3 Rc2 45. Be4 a6 46. Rd1 Rc3+
47. f3 a5 48. Be5 1-0

[Event "Hessen Senioren-ch 2012  8th"]
[Site "Bad Sooden-Adf. (14.4.-22.4)"]
[Date "2012.04.17"]
[Round "4.83"]
[White "Geibel, Henning"]
[Black "Papenkordt, Karl-Hermann"]
[Result "0-1"]
[WhiteElo "1237"]
[BlackElo "1628"]
[PlyCount "90"]
[EventDate "2012.04.??"]
[EventType "swiss"]
[EventRounds "9"]
[EventCountry "GER"]
[WhiteTeam "Bargteheide SV"]
[BlackTeam "Witten SG"]

1. e4 c5 2. Nf3 Nc6 3. Bc4 e6 4. O-O Nf6 5. d3 d5 6. exd5 exd5 7. Bb5 Bd7 8.
Bg5 Be7 9. Re1 O-O 10. c4 d4 11. a3 a6 12. Bxc6 Bxc6 13. Nbd2 h6 14. Bxf6 Bxf6
15. b4 b6 16. bxc5 bxc5 17. Ne5 Bxe5 18. Rxe5 Qd6 19. Qe1 Rfe8 20. Rxe8+ Rxe8
21. Qc1 Qg6 22. Qf1 Re5 23. f3 f5 24. Re1 Re3 25. Rxe3 dxe3 26. Nb3 Qe8 27.
Nxc5 e2 28. Qe1 Qe3+ 29. Kh1 Qxc5 30. Qxe2 Kf7 31. Qa2 Qd4 32. h3 Qxd3 33. c5+
Bd5 34. Qa1 Qe3 35. a4 a5 36. Qg1 Qxg1+ 37. Kxg1 Bb3 38. c6 Ke7 39. Kf2 Kd6 40.
c7 Kxc7 41. Ke3 Bxa4 42. g4 fxg4 43. hxg4 Kc6 44. Kd2 Kd5 45. Kc3 Bd1 0-1

[Event "Hessen Senioren-ch 2012  8th"]
[Site "Bad Sooden-Adf. (14.4.-22.4)"]
[Date "2012.04.17"]
[Round "4.84"]
[White "Semisch, Helga"]
[Black "Fromme, Werner"]
[Result "0-1"]
[WhiteElo "1256"]
[BlackElo "1653"]
[PlyCount "100"]
[EventDate "2012.04.??"]
[EventType "swiss"]
[EventRounds "9"]
[EventCountry "GER"]
[WhiteTeam "Schmalkalden 04 SV"]
[BlackTeam "Witten SG"]

1. d4 Nf6 2. e3 e6 3. Bd3 c5 4. b3 Nc6 5. c3 d5 6. Nf3 Qc7 7. Nbd2 b6 8. e4
Nxe4 9. Nxe4 dxe4 10. Bxe4 Bb7 11. O-O cxd4 12. cxd4 Rd8 13. Be3 Ba3 14. Qc2
Qd7 15. Rfd1 Nb4 16. Qb1 Bxe4 17. Qxe4 Nd5 18. Bg5 Rc8 19. Be3 h6 20. Ne5 Qe7
21. f4 O-O 22. Bf2 Nc3 23. Qf3 Nxd1 24. Rxd1 Rc7 25. Qg4 Rfc8 26. h3 Rc1 27.
Kh2 Rxd1 28. Qxd1 Qc7 29. Bg3 Qb7 30. Nc4 Be7 31. Qd3 b5 32. Nd2 Qd5 33. Nf3
Bb4 34. Be1 Bd6 35. Bd2 Qb7 36. Kh1 Ra8 37. Be3 a5 38. a4 bxa4 39. bxa4 Qc6 40.
Qb3 Rb8 41. Qd1 Rb2 42. Bd2 Bb4 43. Bc1 Rb1 44. Kh2 Qxc1 45. Qxc1 Rxc1 46. Kg3
Ra1 47. Kg4 Rxa4 48. f5 Bc3 49. fxe6 fxe6 50. Kf4 Bxd4 0-1

[Event "Hessen Senioren-ch 2012  8th"]
[Site "Bad Sooden-Adf. (14.4.-22.4)"]
[Date "2012.04.17"]
[Round "4.85"]
[White "Berger, Eduard"]
[Black "Girod, Gudrun"]
[Result "1-0"]
[WhiteElo "1677"]
[BlackElo "1301"]
[PlyCount "30"]
[EventDate "2012.04.??"]
[EventType "swiss"]
[EventRounds "9"]
[EventCountry "GER"]
[WhiteTeam "Stadtallendorf SK"]
[BlackTeam "Hannover 96 Schach"]

1. e4 d5 2. exd5 Qxd5 3. Nc3 Qd8 4. d4 e6 5. Nf3 Nf6 6. Bg5 Be7 7. Bc4 c6 8.
Qe2 O-O 9. O-O-O Nd5 10. Ne4 Nd7 11. h4 N7b6 12. Bd3 Nb4 13. Kb1 f6 14. Bd2
N6d5 15. c4 Nb6 1-0

[Event "Hessen Senioren-ch 2012  8th"]
[Site "Bad Sooden-Adf. (14.4.-22.4)"]
[Date "2012.04.17"]
[Round "4.86"]
[White "Gelzinnus, Siegfried"]
[Black "Helm, Irmgard"]
[Result "1-0"]
[WhiteElo "1615"]
[BlackElo "1369"]
[PlyCount "149"]
[EventDate "2012.04.??"]
[EventType "swiss"]
[EventRounds "9"]
[EventCountry "GER"]
[WhiteTeam "Wetzlar Anderssen Sfr."]
[BlackTeam "Berlin Oberschöneweide TSG"]

1. b4 e6 2. Bb2 Nf6 3. b5 c5 4. e3 d5 5. c4 Nbd7 6. a4 Nb6 7. Qc2 dxc4 8. Bxc4
Nxc4 9. Qxc4 b6 10. Ne2 Bb7 11. O-O Be7 12. Rd1 Rc8 13. Nbc3 O-O 14. Ng3 Qc7
15. Qe2 Ba8 16. d4 cxd4 17. Rxd4 Bc5 18. Rh4 Rfd8 19. Nce4 Nxe4 20. Nxe4 Be7
21. Qg4 e5 22. Rh5 Bxe4 23. Qxe4 g6 24. Qg4 Bf6 25. Rf1 Bg7 26. Rh4 h5 27. Qg5
Rd2 28. Rb4 Qd6 29. Qh4 Rd1 30. g3 Rxf1+ 31. Kxf1 Qd1+ 32. Kg2 Qd5+ 33. Qe4 Rd8
34. Qxd5 Rxd5 35. Rc4 Rd2 36. Ba3 Rd7 37. Rc8+ Kh7 38. Ra8 e4 39. Bf8 Bxf8 40.
Rxf8 Kg7 41. Ra8 f5 42. Kf1 g5 43. h3 Kf6 44. Ke2 Rc7 45. Kd2 Rd7+ 46. Kc3 Rc7+
47. Kd4 Rd7+ 48. Kc4 Ke5 49. Re8+ Kf6 50. Rc8 Ke5 51. Kb4 f4 52. a5 fxe3 53.
fxe3 Rd3 54. axb6 axb6 55. Re8+ Kd5 56. Rd8+ Ke5 57. Rxd3 exd3 58. Kc3 Ke4 59.
Kd2 g4 60. h4 Kf3 61. Kxd3 Kxg3 62. e4 Kxh4 63. e5 g3 64. e6 g2 65. e7 g1=Q 66.
e8=Q Qg3+ 67. Ke2 Qg4+ 68. Kf1 Kg3 69. Qe1+ Kh3 70. Qe3+ Qg3 71. Qe6+ Kh2 72.
Qe2+ Kh3 73. Qe6+ Qg4 74. Qe3+ Qg3 75. Qe6+ 1-0

[Event "Hessen Senioren-ch 2012  8th"]
[Site "Bad Sooden-Adf. (14.4.-22.4)"]
[Date "2012.04.17"]
[Round "4.87"]
[White "Rollwitz, Inge"]
[Black "Viererbe, Hartmut"]
[Result "1/2-1/2"]
[WhiteElo "1255"]
[BlackElo "1607"]
[PlyCount "121"]
[EventDate "2012.04.??"]
[EventType "swiss"]
[EventRounds "9"]
[EventCountry "GER"]
[WhiteTeam "Berlin Wedding SG"]
[BlackTeam "Nordhausen 51 SC"]

1. d4 Nf6 2. c4 e6 3. Nc3 b6 4. e3 Bb7 5. Nf3 d6 6. Be2 Nbd7 7. O-O Be7 8. b4
O-O 9. a3 c6 10. Bb2 a6 11. Qc2 Qc7 12. Rac1 Rac8 13. Rfd1 Rfe8 14. Rd2 Bf8 15.
Ne4 Nxe4 16. Qxe4 c5 17. Qb1 Nf6 18. dxc5 dxc5 19. b5 Ne4 20. Rd3 axb5 21. cxb5
Nd6 22. a4 Be4 23. Ng5 Bxd3 24. Qxd3 f5 25. Qc3 h6 26. Nf3 Ne4 27. Qc4 Bd6 28.
g3 Kh7 29. Rd1 Rcd8 30. Nh4 g5 31. Ng2 Bf8 32. Qc2 Rxd1+ 33. Bxd1 Rd8 34. Bf3
Rd2 35. Qc1 Qd7 36. Ne1 Nxf2 37. Bc3 Nh3+ 38. Kh1 Rd1 39. Bxd1 Qxd1 40. Qb2
Qd5+ 41. Qg2 Nf2+ 42. Kg1 Qxg2+ 43. Kxg2 Ng4 44. Bd2 Bd6 45. h3 Nf6 46. Kf3 Ne4
47. Bc1 Nxg3 48. Ng2 g4+ 49. hxg4 fxg4+ 50. Kxg4 Kg6 51. Nf4+ Bxf4 52. exf4 Nf5
53. Bb2 h5+ 54. Kf3 h4 55. Kf2 h3 56. Bc1 Kh5 57. Bb2 Nd6 58. Kg3 h2 59. Kxh2
Kg4 60. Be5 Nc4 61. Bf6 1/2-1/2

[Event "Hessen Senioren-ch 2012  8th"]
[Site "Bad Sooden-Adf. (14.4.-22.4)"]
[Date "2012.04.17"]
[Round "4.88"]
[White "Otto, Klaus(41)"]
[Black "Freerksen, Uwe"]
[Result "1-0"]
[WhiteElo "1577"]
[BlackElo "1275"]
[PlyCount "61"]
[EventDate "2012.04.??"]
[EventType "swiss"]
[EventRounds "9"]
[EventCountry "GER"]
[WhiteTeam "Triebes Thüringer SV"]
[BlackTeam "Emden SK"]

1. e4 e5 2. Nf3 d6 3. d4 Nc6 4. dxe5 Nxe5 5. Nxe5 dxe5 6. Qxd8+ Kxd8 7. Bc4 f6
8. O-O Bd6 9. Nc3 Ne7 10. Be3 a6 11. Rad1 Bd7 12. Nd5 Nxd5 13. Bxd5 Bc6 14. c4
Bxd5 15. Rxd5 b6 16. Bxb6 cxb6 17. Rxd6+ Kc7 18. Rfd1 Rhd8 19. Rxd8 Rxd8 20.
Rxd8 Kxd8 21. b4 Kc7 22. a4 Kc6 23. Kf1 a5 24. bxa5 bxa5 25. Ke2 Kc5 26. Kd3 g6
27. h4 Kb4 28. g4 Kxa4 29. Kc3 h6 30. h5 gxh5 31. gxh5 1-0

[Event "Hessen Senioren-ch 2012  8th"]
[Site "Bad Sooden-Adf. (14.4.-22.4)"]
[Date "2012.04.17"]
[Round "4.89"]
[White "Winkler, Werner"]
[Black "Narr, Irmgard"]
[Result "1-0"]
[WhiteElo "1513"]
[BlackElo "1485"]
[PlyCount "205"]
[EventDate "2012.04.??"]
[EventType "swiss"]
[EventRounds "9"]
[EventCountry "GER"]
[WhiteTeam "Bad Sooden-Allendorf SK"]
[BlackTeam "Mühlhof-Rdf. SC"]

1. e4 e5 2. Bc4 Nf6 3. d3 Be7 4. Nf3 d6 5. h3 c6 6. O-O b5 7. Bb3 a5 8. a4 b4
9. Be3 O-O 10. Nbd2 Re8 11. Nc4 c5 12. c3 Nc6 13. Ncd2 Ba6 14. Bc4 bxc3 15.
bxc3 Bf8 16. Rb1 Bxc4 17. Nxc4 Rb8 18. Na3 d5 19. Rxb8 Qxb8 20. Nb5 d4 21. Bg5
Nd7 22. Qc2 h6 23. Bd2 Na7 24. Rb1 Nxb5 25. Rxb5 Qc7 26. c4 Ra8 27. Nh2 Nf6 28.
Qb1 Nd7 29. Ng4 h5 30. Nh2 g6 31. Qe1 Qc6 32. Bxa5 Bh6 33. Nf3 Bf4 34. Qd1 Kg7
35. g3 Bh6 36. Kg2 Kh7 37. Be1 f6 38. a5 Bg7 39. Qb1 Ra6 40. Kh2 g5 41. Qd1 Kg6
42. Ng1 Nf8 43. Qf3 Kh6 44. h4 Nd7 45. Qf5 Qe6 46. hxg5+ fxg5 47. Qxe6+ Rxe6
48. Nf3 Rc6 49. Bd2 Bf6 50. Rb7 Nf8 51. Nh4 Ne6 52. Nf5+ Kg6 53. Rb6 Nd8 54.
Rxc6 Nxc6 55. a6 Bd8 56. Nd6 Bb6 57. Nc8 Nb8 58. a7 Bxa7 59. Nxa7 Nd7 60. Nb5
Kf6 61. Nd6 g4 62. Nf5 Nb6 63. Kg2 Na4 64. Kf1 Nb2 65. Ke2 Na4 66. Ba5 Kg6 67.
Nh4+ Kf6 68. Bd8+ Ke6 69. f3 Nc3+ 70. Kd2 Nb1+ 71. Kc1 Nc3 72. Kd2 Nb1+ 73. Ke1
Nc3 74. fxg4 hxg4 75. Nf5 Na4 76. Nh6 Kd7 77. Bg5 Nb2 78. Ke2 Na4 79. Bd2 Ke6
80. Nxg4 Nb6 81. Nh6 Nd7 82. g4 Kf6 83. g5+ Kg6 84. Nf5 Kf7 85. Kf3 Kg6 86. Kg4
Nf8 87. Nh4+ Kg7 88. Kf5 Kf7 89. Kxe5 Ke7 90. Nf5+ Kd7 91. Kf6 Ke8 92. Nd6+ Kd7
93. Bf4 Ne6 94. Bh2 Nf8 95. g6 Ne6 96. g7 Nxg7 97. Kxg7 Ke6 98. Kg6 Kd7 99. Kf6
Kc6 100. e5 Kd7 101. e6+ Kd8 102. e7+ Kc7 103. e8=Q 1-0

[Event "Hessen Senioren-ch 2012  8th"]
[Site "Bad Sooden-Adf. (14.4.-22.4)"]
[Date "2012.04.17"]
[Round "4.90"]
[White "Burkardt, Robert"]
[Black "Brahn, Roswitha"]
[Result "1-0"]
[WhiteElo "1521"]
[BlackElo "1014"]
[PlyCount "73"]
[EventDate "2012.04.??"]
[EventType "swiss"]
[EventRounds "9"]
[EventCountry "GER"]
[WhiteTeam "Fechenheim SV"]
[BlackTeam "Burghaun SG"]

1. e4 c5 2. Nf3 d6 3. d4 cxd4 4. Nxd4 a6 5. Bc4 e6 6. O-O Nf6 7. Nc3 Nc6 8. Be3
Be7 9. b3 Bd7 10. Bd3 O-O 11. Nce2 Rc8 12. c4 Nxd4 13. Bxd4 e5 14. Bb2 b5 15.
Nc3 b4 16. Nd5 Nxd5 17. exd5 a5 18. f4 Bf6 19. fxe5 Qb6+ 20. Kh1 Bxe5 21. Bxe5
dxe5 22. Qh5 Qh6 23. Qxe5 Rfe8 24. Qd4 Re7 25. Rf2 Rce8 26. Raf1 Re1 27. Qa7
Rxf1+ 28. Rxf1 Re7 29. Qxa5 Qe3 30. Rg1 Qxd3 31. Qd8+ Re8 32. Qxd7 Qe3 33. Rf1
Qe1 34. Qf5 f6 35. h3 Re2 36. Rxe1 Rxe1+ 37. Kh2 1-0

[Event "Hessen Senioren-ch 2012  8th"]
[Site "Bad Sooden-Adf. (14.4.-22.4)"]
[Date "2012.04.17"]
[Round "4.92"]
[White "Strozewski, Guenter"]
[Black "Wernitz, Armin"]
[Result "1-0"]
[WhiteElo "1526"]
[BlackElo "1328"]
[PlyCount "76"]
[EventDate "2012.04.??"]
[EventType "swiss"]
[EventRounds "9"]
[EventCountry "GER"]
[WhiteTeam "Erkenschwick SV"]
[BlackTeam "Brandenburg Post SpV"]

1. e4 g6 2. Nf3 Bg7 3. c3 c6 4. d4 d5 5. exd5 cxd5 6. Na3 a6 7. Be2 Nf6 8. O-O
O-O 9. Nc2 Nc6 10. Re1 Re8 11. Bd3 Qd6 12. h3 Nd7 13. Ne3 e5 14. Ng4 e4 15. Bc2
Nf6 16. Nxf6+ Bxf6 17. Nh2 Be6 18. f3 Bh4 19. Rf1 Bg3 20. Ng4 Bxg4 21. fxg4 e3
22. Qe2 Bf2+ 23. Kh1 Qf4 24. b4 Qg3 25. Bb3 Rad8 26. a4 Re4 27. Bc2 Re6 28. Bb2
Nb8 29. Bd3 Nd7 30. b5 a5 31. c4 Nf6 32. Rac1 Ne4 33. cxd5 Ree8 34. Bc3 b6 35.
Bxe4 Rxe4 36. Qf3 Qxf3 37. gxf3 Ree8 38. Be1 Bxe1 1-0

[Event "Hessen Senioren-ch 2012  8th"]
[Site "Bad Sooden-Adf. (14.4.-22.4)"]
[Date "2012.04.17"]
[Round "4.93"]
[White "Mewes, Hans-Dieter"]
[Black "Grueneschild, Hildegard"]
[Result "0-1"]
[WhiteElo "1667"]
[BlackElo "1380"]
[PlyCount "120"]
[EventDate "2012.04.??"]
[EventType "swiss"]
[EventRounds "9"]
[EventCountry "GER"]
[WhiteTeam "Meckelfeld TV"]
[BlackTeam "München Schach-Union"]

1. c4 c5 2. g3 g6 3. Bg2 Bg7 4. Nc3 Nc6 5. a3 e6 6. e3 d6 7. Nge2 Nf6 8. O-O a6
9. d3 Qc7 10. Rb1 Bd7 11. b4 Na7 12. bxc5 dxc5 13. Rxb7 Qc8 14. Rxd7 Nxd7 15.
Bxa8 Qxa8 16. d4 O-O 17. dxc5 Nxc5 18. Qd6 Qc8 19. Qb6 Nd3 20. Bd2 Nc6 21. f4
Ne7 22. Qb3 Nc5 23. Qc2 Rd8 24. Rd1 Nf5 25. Bc1 Rxd1+ 26. Qxd1 Qc7 27. Na4 Nxa4
28. Qxa4 Qc8 29. Qc2 Qc5 30. Qe4 Qc8 31. Qd3 Qc7 32. Bd2 a5 33. Qe4 Qa7 34. Kf2
Bb2 35. a4 Ba3 36. Bc3 Bb4 37. Bd4 Nxd4 38. Nxd4 Bf8 39. Qc6 Kg7 40. Nb5 Qe7
41. Qc7 Qb4 42. Qe5+ Kg8 43. Qd4 Qxa4 44. Qc3 Bb4 45. Qd3 Qa2+ 46. Qe2 Qb1 47.
Nd4 Qh1 48. Nf3 a4 49. Qd3 a3 50. Qd7 a2 51. Ne5 Qxh2+ 52. Kf3 Qh1+ 53. Kf2
Qe1+ 54. Kg2 Qe2+ 55. Kh3 Qh5+ 56. Kg2 Qf5 57. g4 Qc2+ 58. Kh3 Qd2 59. Qxf7+
Kh8 60. Qf6+ Kg8 0-1

[Event "Hessen Senioren-ch 2012  8th"]
[Site "Bad Sooden-Adf. (14.4.-22.4)"]
[Date "2012.04.17"]
[Round "4.94"]
[White "Fritsche, Rainer"]
[Black "Straschnej, Paul"]
[Result "0-1"]
[WhiteElo "1344"]
[BlackElo "1538"]
[PlyCount "106"]
[EventDate "2012.04.??"]
[EventType "swiss"]
[EventRounds "9"]
[EventCountry "GER"]
[WhiteTeam "Kasseler 1876 SK"]
[BlackTeam "Bad Emstal Sfr."]

1. d4 e6 2. e4 d5 3. Nc3 Bb4 4. exd5 Qxd5 5. Nf3 Nc6 6. a3 Bxc3+ 7. bxc3 Nge7
8. Bd3 Qa5 9. Bd2 Qh5 10. O-O O-O 11. c4 a5 12. Re1 b6 13. c3 Bb7 14. Be2 Qg6
15. Qb1 Qxb1 16. Raxb1 Ba6 17. Bf4 Rfe8 18. Nd2 Ra7 19. Bf3 Kf8 20. h3 a4 21.
d5 exd5 22. cxd5 Na5 23. Rb4 Rd8 24. c4 Nb3 25. Be2 Nc5 26. Be3 Bc8 27. Bxc5
bxc5 28. Rb2 Bf5 29. Bf3 Ra6 30. Be4 Rb6 31. Rxb6 cxb6 32. Rb1 Rb8 33. Bxf5
Nxf5 34. Nf3 f6 35. g4 Nd6 36. Nd2 b5 37. cxb5 Rxb5 38. Rxb5 Nxb5 39. Ne4 Ke7
40. Nxc5 Nc3 41. Kf1 Kd6 42. Ke1 Ke7 43. Nd3 Nxd5 44. Nb2 Nb6 45. Kd2 Ke6 46.
f3 Kd5 47. Kc3 Kc6 48. h4 Kb5 49. Kc2 g6 50. Kc3 h6 51. Kc2 f5 52. Kc3 fxg4 53.
fxg4 Nd5+ 0-1

[Event "Hessen Senioren-ch 2012  8th"]
[Site "Bad Sooden-Adf. (14.4.-22.4)"]
[Date "2012.04.17"]
[Round "4.95"]
[White "Knobling, Rolf"]
[Black "Van Houten, Henk"]
[Result "1-0"]
[WhiteElo "1346"]
[BlackElo "1464"]
[PlyCount "47"]
[EventDate "2012.04.??"]
[EventType "swiss"]
[EventRounds "9"]
[EventCountry "GER"]
[WhiteTeam "Erfurt USV"]
[BlackTeam "Gronau 1920 SC"]

1. e4 e5 2. f4 exf4 3. Nf3 Be7 4. Bc4 Bh4+ 5. Kf1 d6 6. d4 Bg5 7. h4 Bh6 8. c3
c6 9. Qb3 Qe7 10. Nbd2 b5 11. Bd3 Nf6 12. Kf2 Ng4+ 13. Kg1 Be6 14. Qc2 Ne3 15.
Qb1 g6 16. Nf1 f5 17. Bxe3 fxe3 18. exf5 gxf5 19. Bxf5 e2 20. Ng3 Be3+ 21. Kh2
Bf2 22. Nxe2 Bxf5 23. Qxf5 Qxe2 24. Qc8+ 1-0

[Event "Hessen Senioren-ch 2012  8th"]
[Site "Bad Sooden-Adf. (14.4.-22.4)"]
[Date "2012.04.17"]
[Round "4.96"]
[White "Maczollek, Helmut"]
[Black "Marinoni, Rainer"]
[Result "1/2-1/2"]
[WhiteElo "1412"]
[BlackElo "1151"]
[PlyCount "56"]
[EventDate "2012.04.??"]
[EventType "swiss"]
[EventRounds "9"]
[EventCountry "GER"]
[WhiteTeam "Lage Turm SK"]
[BlackTeam "Eschwege SC"]

1. d4 Nf6 2. Nf3 g6 3. Nbd2 Bg7 4. e4 d6 5. b3 c6 6. Bb2 Nbd7 7. Bd3 O-O 8. O-O
b5 9. Qe2 Nh5 10. g3 Nb6 11. c4 a6 12. e5 Re8 13. Rfe1 Bf8 14. exd6 bxc4 15.
Nxc4 Nxc4 16. Bxc4 e6 17. d5 cxd5 18. Bxd5 Ra7 19. Bc4 Bb7 20. Rad1 Qa8 21. Rd3
Bxf3 22. Rxf3 Bxd6 23. Rd1 Rd8 24. Rfd3 Qc6 25. Ba3 Rad7 26. Bb2 Be7 27. Qe3
Rxd3 28. Rxd3 Rxd3 1/2-1/2

[Event "Hessen Senioren-ch 2012  8th"]
[Site "Bad Sooden-Adf. (14.4.-22.4)"]
[Date "2012.04.17"]
[Round "4.98"]
[White "Kage, August"]
[Black "Graffenberger, Wilhelm"]
[Result "0-1"]
[WhiteElo "1346"]
[BlackElo "1484"]
[PlyCount "166"]
[EventDate "2012.04.??"]
[EventType "swiss"]
[EventRounds "9"]
[EventCountry "GER"]
[WhiteTeam "Göttingen Rot-Weiß ESV"]
[BlackTeam "Hamburger SK"]

1. d4 Nf6 2. c4 c6 3. Nc3 g6 4. e4 d6 5. Be2 Bg7 6. Nf3 Bg4 7. O-O O-O 8. Rb1
Nbd7 9. Bf4 Nh5 10. Be3 e5 11. d5 c5 12. h3 Bxf3 13. Bxf3 Nf4 14. Kh2 Nf6 15.
g3 N4h5 16. Bg5 h6 17. Be3 Qd7 18. Qc1 Kh7 19. Rg1 a6 20. g4 Nf4 21. Bxf4 exf4
22. Qxf4 Nh5 23. Qd2 Be5+ 24. Kh1 Nf4 25. Bg2 Qe7 26. Ne2 Qg5 27. Nxf4 Bxf4 28.
Qd3 Qe5 29. Qf3 b5 30. Bf1 Rab8 31. b3 g5 32. Be2 b4 33. Bd3 a5 34. Qe2 Kg7 35.
f3 Rh8 36. Kg2 Bh2 37. Rh1 Qg3+ 38. Kf1 Qxh3+ 39. Qg2 Qxg2+ 40. Kxg2 Bf4 41.
Rbe1 Rbe8 42. Re2 Kf6 43. Bb1 Ke5 44. Ree1 Rh7 45. Rh5 Reh8 46. Bc2 Rg7 47.
Reh1 Rg6 48. Re1 Rf6 49. Rf1 Kd4 50. Rd1+ Kc3 51. Bb1 Kb2 52. Rhh1 Ka3 53. Rh5
Be5 54. Rd3 Rb8 55. Rh1 Bc3 56. Kg3 a4 57. bxa4 Kxa4 58. Bc2+ Ka5 59. Bb3 Kb6
60. Rf1 Be5+ 61. Kg2 Ra8 62. Rh1 Rg6 63. Rh3 Kc7 64. Rd1 Kd7 65. Rdh1 Rh8 66.
Rh5 Ke7 67. Re1 Kf6 68. Re2 Bd4 69. Ba4 Ra8 70. Bd7 Kg7 71. Bf5 Rf6 72. Rh1 Ra3
73. Rf1 Rc3 74. f4 Be3 75. fxg5 Bxg5 76. e5 dxe5 77. Rxe5 Rxc4 78. Rd1 Rd6 79.
Re2 Bf6 80. Kf3 Rd4 81. Red2 R6xd5 82. Bd3 Bg5 83. Re2 Rxd3+ 0-1

[Event "Hessen Senioren-ch 2012  8th"]
[Site "Bad Sooden-Adf. (14.4.-22.4)"]
[Date "2012.04.17"]
[Round "4.99"]
[White "Luebbers, Doris Dr"]
[Black "Goepfart, Dietrich"]
[Result "1/2-1/2"]
[WhiteElo "1345"]
[BlackElo "1438"]
[PlyCount "57"]
[EventDate "2012.04.??"]
[EventType "swiss"]
[EventRounds "9"]
[EventCountry "GER"]
[WhiteTeam "Königstein/Schwalbach Sfr."]
[BlackTeam "Weimar Vimaria 91 SSV"]

1. d4 d5 2. Nf3 Nf6 3. e3 Bd7 4. Bd3 e6 5. Nbd2 Bd6 6. c3 Nc6 7. O-O O-O 8. Re1
e5 9. dxe5 Nxe5 10. Nxe5 Bxe5 11. Nf3 Bd6 12. Qc2 h6 13. e4 dxe4 14. Bxe4 Nxe4
15. Qxe4 Bc6 16. Qe2 Re8 17. Be3 Bxf3 18. Qxf3 b6 19. g3 Qd7 20. Red1 Rad8 21.
b3 Re6 22. c4 Qe7 23. Qg2 Re8 24. Qf1 a5 25. Rd3 Bc5 26. Bxc5 Qxc5 27. Rd2 Qb4
28. Rad1 Kf8 29. Kg2 1/2-1/2